00629nam a2200157 i 450000100060000000300090000600500170001500800410003210000450007324500570011826000940017530000420026985200220031199900170033395201210035090358ES-MaACL20230906180423.0050120s1941 sp c |||| | spa d1 aLedesma Ramos, Ramiro,d1905-193697115710aEscritos filosóficos / cpor Ramiro Ledesma Ramos. aMadrid : b[s.n., c1941] (fImp. de los Sobrinos de la Suc. de M. Minuesa de los Ríos) aXLI, 178 p. : bretr. aut. ; c22 cm. aES-MaACLjF-15250 c90358d90358 00104070aATENEOMbATENEOMcSPP2d2008-01-17eSCl0oF-15250p1094356r2023-02-23 00:00:00w2023-02-23yMONOGRAFIA